FC Bayern München - Women´s Team Sudden death - Statistiken

Allgemein
  • Dieses Quiz wurde 246 mal gespielt
  • Das Durchschnittsergebnis liegt bei 7 aus 16
Answers on the Grid
Answers color-coded by a green-red scale on the quiz's grid according to % correct below.
Anna Wellmann
Ingrid Engen
Sam Kerr
Michelle Ulbrich
Lina Magull
Guro Reiten
Arianna Caruso
Grace Clinton
Klara Bühl
Chloe Kelly
Amira Dahl
Glodis Perla Viggosdottir
Jule Brand
Lena Oberdorf
Franziska Kett
Manuela Giugliano
Katharina Naschenweng
Meret Günster
Alara
Cora Zicai
Mala Grohs
Sydney Lohmann
Ena Mahmutovic
Erin Cuthbert
Pernille Harder
Kyra Cooney-Cross
Georgia Stanway
Celin Bizet
Stina Johannes
Magdalena Eriksson
 
Antwortstatistiken
Antwort % Korrekt
Klara Bühl
77%
Lena Oberdorf
65%
Pernille Harder
57%
Georgia Stanway
56%
Magdalena Eriksson
48%
Alara
44%
Ena Mahmutovic
44%
Glodis Perla Viggosdottir
44%
Mala Grohs
42%
Sydney Lohmann
42%
Franziska Kett
40%
Katharina Naschenweng
36%
Anna Wellmann
31%
Arianna Caruso
30%
Sam Kerr
26%
Michelle Ulbrich
25%
Keine übereinstimmenden Quizze gefunden
Verteilung der Resultate
Anzahl Personen mit jedem Resultat
Perzentil nach korrekt beantworteten Fragen
Ihre Resultats-Entwicklung
Sie haben dieses Quiz noch nicht gespielt